000 02500cam a22005294i 4500
003 PE-LiUPU
005 20250731172848.0
008 150710s2016 miu b 001 0 eng
020 _a0801049482
020 _a9780801049484
035 _a(Sirsi) i9780801049484
040 _aDLC
_bspa
_erda
_cDLC
_dYDX
_dYDXCP
_dBDX
_dBTCTA
_dOCLCF
_dSPB
_dLNT
_dOCLCO
_dPE-LiUPU
082 0 0 _a253
_bN45
_223
100 1 _aNesbit Sbanotto, Elisabeth A.,
_d1981- ,
_eautor.
245 1 0 _aEffective generational ministry :
_bbiblical and practical insights for transforming church communities /
_cElisabeth A. Nesbit Sbanotto and Craig L. Blomberg.
264 1 _aGrand Rapids, Michigan :
_bBaker Academic,
_c[2016]
300 _axxi, 275 páginas ;
_c23 centímetros
336 _atext
_2rdacontent
337 _aunmediated
_2rdamedia
338 _avolume
_2rdacarrier
504 _aÍndices: páginas 263-275.
505 0 _aBoomers at large -- Boomers in light of the Bible -- Priorities for ministry with boomer -- Generation X: the lost middle child -- Xers in light of the Bible -- Priorities for ministry with Xers -- Millennials: apple of the eye -- Millennials in light of the Bible -- Priorities for ministry with millennials: getting in the game.
526 _aSEG42
526 _aSEG41
526 _aSEG40
526 _aSEG39
526 _aP94
526 _aP87
526 _aP86
526 _aP85
526 _aP77
526 _aP76
526 _aP35
650 0 _aPastoral.
_92425
650 0 _aRelaciones entre generaciones
_xAspectos Religiosos
_xCristianismo.
910 _ajck
_bebj
_cebj
_d20160606
910 _adbm
_bncf
_cncf
_d20171213
942 _2ddc
_cBOOK
949 _a253 N45
_wDEWEY
_c1
_i73384
_lCCODEBUL1
_mBUL
_p14.99
_r0
_sY
_tBOOK
_u2016-6-6
_xTEOLOGIA
_PP85
_0COMPRA
_o.STAFF. Colección General Teología
994 _aC0
_bPEPRU
596 _a1
999 _a253 N45
_wDEWEY
_c9729
_i73384
_f2021-11-10
_g5
_lCCODEBUL1
_mBUL
_p14.99
_r0
_sY
_tBOOK
_u2016-6-6
_xTEOLOGIA
_PP85
_0COMPRA
_o.STAFF. Colección General Teología
_d9729
999 _a253 N45
_wDEWEY
_c2
_i75222
_f2021-11-10
_g5
_lCCODEBUL1
_mBUL
_p24.99
_r0
_sY
_tBOOK
_u2017-1-12
_xTEOLOGIA
_PP85
_0COMPRA
999 _a253 N45
_wDEWEY
_c3
_i77609
_f2021-11-10
_g4
_lCCODEBUL1
_mBUL
_p16.85
_r0
_sY
_tBOOK
_u2017-12-14
_xTEOLOGIA
_PP85
_0DONACION
_o.STAFF. Colección Teología
980 _81
_gALBERTO SANCHEZ Responsable de Automatización